| 000 | 00616pam a2200169 a 4500 | ||
|---|---|---|---|
| 020 | _a0335092306 (pbk.) | ||
| 020 | _a0335092314 | ||
| 082 | 0 | 0 |
_a628/.03 _bPOR _cMCE, L-1, p-78 |
| 100 | 1 |
_aPorteous, Andrew. _96092 |
|
| 245 | 1 | 0 |
_aDictionary of environmental science and technology / _cAndrew Porteous. |
| 260 |
_aMilton Keynes [England] ; _aPhiladelphia : _bOpen University Press, _c1991. |
||
| 300 |
_axii, 399 p. : _bill. ; _c21 cm. |
||
| 526 |
_a0 _b0 _c0 _d628_030000000000000_POR |
||
| 650 | 0 |
_aEnvironmental sciences _xDictionaries. _96093 |
|
| 650 | 0 |
_aSanitary engineering _xDictionaries. _96094 |
|
| 942 |
_2ddc _cBK |
||
| 999 |
_c542021 _d542021 |
||